000 01117cam a2200325 a 4500
003 OSt
005 20140310184340.0
008 990210s2000 nyua b 000 1 eng
010 _a 99019815
020 _a9780590522526
040 _aDLC
_cDLC
_dDLC
042 _alcac
050 0 0 _aPZ 7
_b.F8655Bl 2004
100 1 _aFraustino, Lisa Rowe.
_924442
245 1 4 _aThe hickory chair /
_cLisa Rowe Fraustino ; illustrated by Benny Andrews.
260 _aNew York :
_bScholastic,
_c2004.
300 _bcol. ill. ;
_c29 cm.
521 _aG5
526 _c700
650 1 _aGrandmothers
_vFiction.
_924443
650 1 _aDeath
_vFiction.
_924444
650 1 _aBlind
_vFiction.
_924445
650 1 _aPeople with disabilities
_vFiction.
_924446
650 1 _aAfrican Americans
_vFiction.
_924447
700 1 _aAndrews, Benny,
_d1930-2006,
_eill.
_924448
906 _a7
_bcbc
_corignew
_d1
_eocip
_f19
_gy-gencatlg
942 _2lcc
_cBK-SCHOLAS
999 _c33804
_d33804